[Event "Kandidatklassen"]
[Site "Ringsted"]
[Date "1995.04.12"]
[Round "2"]
[White "Nielsen, Max"]
[Black "Aagaard, Jacob"]
[Result "1/2-1/2"]
[WhiteElo "2143"]
[BlackElo "2257"]
[PlyCount "64"]
[EventDate "1995.??.??"]
[EventType "swiss"]
[EventRounds "7"]
[EventCountry "DEN"]

1. e4 e5 2. f4 c6 3. Nc3 d5 4. exd5 cxd5 5. fxe5 Nc6 6. d4 Qh4+ 7. g3 Qxd4 8.
Qxd4 Nxd4 9. Bd3 Bb4 10. Bf4 Bg4 11. h3 Bh5 12. g4 Bg6 13. O-O-O Bxc3 14. bxc3
Bxd3 15. cxd3 Ne6 16. Be3 Ne7 17. Nf3 Nc6 18. Kc2 Rc8 19. Kd2 Ke7 20. Rde1 Rhd8
21. Bg5+ Nxg5 22. Nxg5 h6 23. Nf3 b5 24. Rb1 Rb8 25. d4 a5 26. Rhc1 Rb6 27. Ke3
Rc8 28. Ne1 Nd8 29. Nd3 Ne6 30. a4 b4 31. cxb4 Rxc1 32. Rxc1 axb4 1/2-1/2

[Event "Kandidatklassen"]
[Site "Ringsted"]
[Date "1995.04.12"]
[Round "2"]
[White "Pedersen, Daniel Vesterbaek"]
[Black "Bank, Pelle Rodkjaer"]
[Result "0-1"]
[WhiteElo "2130"]
[BlackElo "2315"]
[PlyCount "42"]
[EventDate "1995.??.??"]
[EventType "swiss"]
[EventRounds "7"]
[EventCountry "DEN"]

1. e4 g6 2. d4 Bg7 3. Nf3 d6 4. Nc3 a6 5. a4 Bg4 6. Bc4 e6 7. Be3 Nc6 8. Qd2
Nge7 9. Ng1 e5 10. d5 Nd4 11. Nb1 c6 12. dxc6 Rc8 13. Bxd4 exd4 14. Bxf7+ Kxf7
15. Qf4+ Bf5 16. exf5 Re8 17. fxg6+ Kg8 18. gxh7+ Kh8 19. Ne2 Nxc6 20. Qd2 d3
21. Qxd3 Nb4 0-1

[Event "Kandidatklassen"]
[Site "Ringsted"]
[Date "1995.04.12"]
[Round "2"]
[White "Petersen, Steen"]
[Black "Hvenekilde, Jorgen"]
[Result "1/2-1/2"]
[WhiteElo "2016"]
[BlackElo "2329"]
[PlyCount "42"]
[EventDate "1995.??.??"]
[EventType "swiss"]
[EventRounds "7"]
[EventCountry "DEN"]

1. d4 d5 2. c4 e5 3. dxe5 d4 4. Nf3 Nc6 5. g3 Bg4 6. Bg2 Qd7 7. O-O Nge7 8.
Nbd2 Ng6 9. b3 Be7 10. Bb2 Rd8 11. a3 O-O 12. b4 Rfe8 13. Qb3 Ngxe5 14. Rfe1
Bf8 15. Rad1 b6 16. Ne4 Qe6 17. Nfd2 h6 18. f4 Ng6 19. Nf2 Bf5 20. Bd5 Qd7 21.
e4 dxe3 1/2-1/2

[Event "Kandidatklassen"]
[Site "Ringsted"]
[Date "1995.04.12"]
[Round "2"]
[White "Rewitz, Poul"]
[Black "Greger, Roland Reinhard"]
[Result "0-1"]
[WhiteElo "2358"]
[BlackElo "2290"]
[PlyCount "104"]
[EventDate "1995.??.??"]
[EventType "swiss"]
[EventRounds "7"]
[EventCountry "DEN"]

1. e4 e6 2. d4 d5 3. Nc3 Bb4 4. e5 c5 5. a3 Bxc3+ 6. bxc3 Ne7 7. Qg4 Qc7 8.
Qxg7 Rg8 9. Qxh7 cxd4 10. Ne2 Nbc6 11. f4 dxc3 12. Qd3 Bd7 13. Qxc3 O-O-O 14.
Rb1 Nf5 15. Qd3 f6 16. exf6 Be8 17. g4 Nd6 18. h4 Bg6 19. f5 exf5 20. h5 Bf7
21. g5 Ne5 22. Qc3 Qxc3+ 23. Nxc3 Nf3+ 24. Kd1 Ne4 25. Nb5 Be8 26. Bf4 Bxb5 27.
Bxb5 Nfxg5 28. Bxg5 Rxg5 29. f7 Rh8 30. h6 Nc3+ 31. Kc1 a6 32. Bd3 Nxb1 33. h7
Nc3 34. f8=Q+ Rxf8 35. h8=Q Rxh8 36. Rxh8+ Kc7 37. Rf8 Ne4 38. Kb2 Nd6 39. Kc3
Kc6 40. Kd4 Rg1 41. Rf6 Ra1 42. a4 f4 43. a5 f3 44. Ke5 Kc5 45. Ke6 Rxa5 46.
Rxf3 Ra1 47. Rh3 Re1+ 48. Kd7 Nc4 49. Kc7 Re7+ 50. Kd8 Rg7 51. c3 Nd6 52. Rh6
Nf7+ 0-1

[Event "Kandidatklassen"]
[Site "Ringsted"]
[Date "1995.04.12"]
[Round "2"]
[White "Strange, Mikkel"]
[Black "Christensen, Bent"]
[Result "1-0"]
[WhiteElo "2204"]
[BlackElo "2193"]
[PlyCount "67"]
[EventDate "1995.??.??"]
[EventType "swiss"]
[EventRounds "7"]
[EventCountry "DEN"]

1. e4 e5 2. Nc3 Nf6 3. g3 d5 4. exd5 Nxd5 5. Bg2 Nxc3 6. bxc3 Be7 7. Nf3 Nd7 8.
O-O O-O 9. Re1 Bf6 10. d3 Re8 11. Nd2 c6 12. Rb1 Qa5 13. Nc4 Qc7 14. d4 Rd8 15.
Ba3 Nb6 16. Nxe5 Bxe5 17. Rxe5 Be6 18. Qe2 Nc4 19. Rxe6 Nxa3 20. Re7 Qxe7 21.
Qxe7 Nxb1 22. Qb4 Nd2 23. f4 Re8 24. Kf2 Ne4+ 25. Bxe4 Rxe4 26. Qxb7 Rae8 27.
Qa6 h6 28. Qd3 Re1 29. c4 Rh1 30. d5 cxd5 31. cxd5 Ree1 32. d6 Re8 33. d7 Rd8
34. Qe4 1-0

[Event "Kandidatklassen"]
[Site "Ringsted"]
[Date "1995.04.13"]
[Round "3"]
[White "Andreasen, Per Naesby"]
[Black "Andersen, Frank"]
[Result "1-0"]
[WhiteElo "2319"]
[BlackElo "2193"]
[PlyCount "57"]
[EventDate "1995.??.??"]
[EventType "swiss"]
[EventRounds "7"]
[EventCountry "DEN"]

1. Nf3 g6 2. d4 Nf6 3. g3 Bg7 4. Bg2 O-O 5. c4 d6 6. O-O Nc6 7. Nc3 Bg4 8. h3
Bxf3 9. Bxf3 Nd7 10. e3 e5 11. dxe5 Ndxe5 12. Be2 f5 13. Qd2 g5 14. f4 gxf4 15.
gxf4 Rf6 16. Rf2 Rg6+ 17. Rg2 Rxg2+ 18. Kxg2 Qh4 19. Bf1 Kh8 20. Qf2 Qh6 21.
fxe5 Bxe5 22. Ne2 Rg8+ 23. Kh1 Nb4 24. Nf4 Na6 25. Nd3 Qe6 26. Bd2 Bf6 27. Bg2
Qxc4 28. Qxf5 Rg6 29. Nf4 1-0

[Event "Kandidatklassen"]
[Site "Ringsted"]
[Date "1995.04.13"]
[Round "3"]
[White "Christensen, Bent"]
[Black "Nielsen, Max"]
[Result "1-0"]
[WhiteElo "2193"]
[BlackElo "2143"]
[PlyCount "85"]
[EventDate "1995.??.??"]
[EventType "swiss"]
[EventRounds "7"]
[EventCountry "DEN"]

1. d4 Nf6 2. c4 g6 3. Nc3 Bg7 4. e4 d6 5. Nf3 O-O 6. Be2 e5 7. O-O Nc6 8. d5
Ne7 9. Ne1 Nd7 10. Nd3 f5 11. Bd2 Nf6 12. f3 f4 13. c5 g5 14. cxd6 cxd6 15. Rc1
Ng6 16. Nb5 Rf7 17. Qc2 Ne8 18. a4 Bf8 19. Qb3 h5 20. Nf2 Rg7 21. Rc3 Nh4 22.
h3 a6 23. Na3 g4 24. fxg4 Nf6 25. Qd1 hxg4 26. hxg4 Nh5 27. gxh5 Nxg2 28. Rxc8
Ne3+ 29. Ng4 Rxc8 30. Bxe3 fxe3 31. Qe1 Be7 32. Qg3 Bh4 33. Qh3 Bf2+ 34. Kh1
Rcc7 35. Nc4 Qg5 36. Ncxe3 Bxe3 37. Nxe3 Qg3 38. Qxg3 Rxg3 39. Rg1 Rxg1+ 40.
Kxg1 Rc1+ 41. Kf2 Rb1 42. Nc4 Kh7 43. Ke3 1-0

[Event "Kandidatklassen"]
[Site "Ringsted"]
[Date "1995.04.13"]
[Round "3"]
[White "Christensen, Lasse"]
[Black "Matthiesen, Arne"]
[Result "1/2-1/2"]
[WhiteElo "2251"]
[BlackElo "2147"]
[PlyCount "110"]
[EventDate "1995.??.??"]
[EventType "swiss"]
[EventRounds "7"]
[EventCountry "DEN"]

1. d4 Nf6 2. c4 e6 3. Nc3 d5 4. Nf3 c6 5. cxd5 exd5 6. Bg5 h6 7. Bh4 Bf5 8. e3
Nbd7 9. Bd3 Bxd3 10. Qxd3 Be7 11. O-O O-O 12. Nd2 Re8 13. a3 Ne4 14. Bxe7 Qxe7
15. b4 Ndf6 16. Ndxe4 dxe4 17. Qc4 a6 18. a4 Rac8 19. Qb3 Qd6 20. h3 Re7 21.
Rac1 Rec7 22. Rc2 g6 23. Rfc1 Kg7 24. Nb1 Nd5 25. Rc5 b6 26. R5c4 c5 27. dxc5
bxc5 28. bxc5 Rxc5 29. Nd2 Rxc4 30. Rxc4 Rxc4 31. Qxc4 Nb6 32. Qc3+ Kg8 33. a5
Na4 34. Qc8+ Kg7 35. Nxe4 Qe5 36. Qc6 Qxa5 37. Qf6+ Kg8 38. Qd4 h5 39. Nf6+ Kf8
40. Qd6+ Kg7 41. Ne8+ Kg8 42. Nf6+ Kg7 43. Nd7 Kh7 44. Qf4 Kg7 45. Kh2 Kg8 46.
Ne5 Qd5 47. Nxg6 fxg6 48. Qxa4 a5 49. f4 Qc5 50. e4 Qe3 51. e5 Kf8 52. Qxa5
Qxf4+ 53. Kg1 Qe3+ 54. Kf1 Qf4+ 55. Ke2 Qe4+ 1/2-1/2

[Event "Kandidatklassen"]
[Site "Ringsted"]
[Date "1995.04.13"]
[Round "3"]
[White "Christensen, Tobias"]
[Black "Hvenekilde, Jorgen"]
[Result "1-0"]
[WhiteElo "2363"]
[BlackElo "2329"]
[PlyCount "99"]
[EventDate "1995.??.??"]
[EventType "swiss"]
[EventRounds "7"]
[EventCountry "DEN"]

1. d4 d5 2. c4 e6 3. Nc3 Nf6 4. cxd5 exd5 5. Bf4 c6 6. e3 Be7 7. Bd3 O-O 8.
Nge2 Re8 9. Ng3 b6 10. O-O Ba6 11. Re1 Bxd3 12. Qxd3 Nbd7 13. e4 dxe4 14. Ngxe4
Nxe4 15. Qxe4 Rc8 16. Rad1 Bb4 17. Qxe8+ Qxe8 18. Rxe8+ Rxe8 19. d5 cxd5 20.
Nxd5 Bf8 21. Kf1 Nc5 22. Be3 Ne6 23. Nf4 f6 24. Nxe6 Rxe6 25. Rd7 Re7 26. Rxe7
Bxe7 27. Ke2 Kf7 28. Kd3 Ke6 29. Kc4 Kd6 30. Kb5 Kc7 31. Ka6 Kb8 32. g4 g6 33.
Bf4+ Ka8 34. f3 f5 35. gxf5 gxf5 36. Be5 Bh4 37. Bd6 Bf2 38. a4 h5 39. b4 Bg1
40. h3 Bf2 41. a5 bxa5 42. bxa5 Be3 43. Kb5 Kb7 44. a6+ Kc8 45. Kc6 Kd8 46. Bb4
Ke8 47. f4 Kd8 48. Bc5 Bxc5 49. Kxc5 Kc7 50. h4 1-0

[Event "Kandidatklassen"]
[Site "Ringsted"]
[Date "1995.04.13"]
[Round "3"]
[White "Hansen, Kasper"]
[Black "Rewitz, Poul"]
[Result "0-1"]
[WhiteElo "2151"]
[BlackElo "2358"]
[PlyCount "66"]
[EventDate "1995.??.??"]
[EventType "swiss"]
[EventRounds "7"]
[EventCountry "DEN"]

1. Nf3 d5 2. b3 Nc6 3. Bb2 f6 4. d4 Bg4 5. Nbd2 Qd7 6. g3 O-O-O 7. Bg2 Bh3 8.
Bxh3 Qxh3 9. e3 g5 10. a3 h5 11. Qe2 h4 12. O-O-O hxg3 13. fxg3 Qd7 14. e4 e6
15. g4 Nh6 16. Rhg1 Nf7 17. e5 Be7 18. Nf1 Rh6 19. exf6 Rxf6 20. Ng3 Rf4 21.
Nh5 Re4 22. Qg2 Nd6 23. Ne5 Qe8 24. Ng7 Qg8 25. Nxc6 bxc6 26. Nh5 a5 27. a4 Rf8
28. Rgf1 Kd7 29. Rxf8 Qxf8 30. h3 Re3 31. Rf1 Qa8 32. Kb1 Qa6 33. Ng3 Rxg3 0-1

[Event "Kandidatklassen"]
[Site "Ringsted"]
[Date "1995.04.13"]
[Round "3"]
[White "Hansen, Lars"]
[Black "Andersen, Torben Bodskov"]
[Result "0-1"]
[WhiteElo "2217"]
[BlackElo "2130"]
[PlyCount "71"]
[EventDate "1995.??.??"]
[EventType "swiss"]
[EventRounds "7"]
[EventCountry "DEN"]

1. e4 c6 2. d4 d5 3. Nc3 dxe4 4. Nxe4 Nf6 5. Nxf6+ gxf6 6. c3 Bf5 7. Bf4 e6 8.
Bd3 Bxd3 9. Qxd3 Bd6 10. Bg3 Qc7 11. Ne2 Nd7 12. O-O O-O-O 13. b4 Bxg3 14. fxg3
f5 15. c4 Nf6 16. Rab1 h5 17. b5 cxb5 18. Rxb5 a6 19. Rb2 Qc6 20. Rfb1 Rd7 21.
Qa3 Qe4 22. d5 Ng4 23. d6 Rxd6 24. h3 Ne3 25. Nf4 Rhd8 26. Qc5+ Rc6 27. Qa7 Rc7
28. Qa8+ Kd7 29. Rd1+ Nd5 30. Nxd5 Rxa8 31. Nf6+ Ke7 32. Nxe4 fxe4 33. Rd4 f5
34. Kf2 Rac8 35. Ke3 Kf6 36. Rd6 0-1

[Event "Kandidatklassen"]
[Site "Ringsted"]
[Date "1995.04.13"]
[Round "3"]
[White "Hoiberg, Nina"]
[Black "Johansen, Morten"]
[Result "1/2-1/2"]
[WhiteElo "2256"]
[BlackElo "2185"]
[PlyCount "81"]
[EventDate "1995.??.??"]
[EventType "swiss"]
[EventRounds "7"]
[EventCountry "DEN"]

1. e4 d5 2. Nc3 d4 3. Nce2 e5 4. Ng3 Be6 5. Nf3 f6 6. Bb5+ c6 7. Ba4 Na6 8. Bb3
Nc5 9. Bxe6 Nxe6 10. d3 Bb4+ 11. Nd2 Qd7 12. O-O O-O-O 13. Nc4 Ne7 14. a3 Bd6
15. Bd2 Bc7 16. a4 Nf4 17. b4 Bb8 18. b5 h5 19. Bb4 h4 20. Bxe7 hxg3 21. fxg3
Qxe7 22. gxf4 exf4 23. bxc6 bxc6 24. Qg4+ Qd7 25. Qxd7+ Rxd7 26. Rab1 Rh5 27.
Rb3 g5 28. Na5 f3 29. Rxf3 Bxh2+ 30. Kf2 g4 31. Rf5 Rxf5+ 32. exf5 Rd5 33. Nxc6
Rxf5+ 34. Ke2 Rf4 35. Nxa7+ Kd7 36. Rb1 Rf5 37. Nb5 Re5+ 38. Kf2 Rf5+ 39. Ke2
Re5+ 40. Kf1 Rf5+ 41. Ke2 1/2-1/2

[Event "Kandidatklassen"]
[Site "Ringsted"]
[Date "1995.04.13"]
[Round "3"]
[White "Jacobsen, Bo"]
[Black "Greger, Roland Reinhard"]
[Result "1/2-1/2"]
[WhiteElo "2302"]
[BlackElo "2290"]
[PlyCount "29"]
[EventDate "1995.??.??"]
[EventType "swiss"]
[EventRounds "7"]
[EventCountry "DEN"]

1. Nf3 Nf6 2. g3 b5 3. Bg2 Bb7 4. a4 b4 5. c4 e6 6. O-O d6 7. d4 Nbd7 8. a5 Rb8
9. Nbd2 Be7 10. Qc2 c5 11. a6 Ba8 12. Nb3 Be4 13. Qd1 Qc8 14. dxc5 dxc5 15.
Nbd2 1/2-1/2

[Event "Kandidatklassen"]
[Site "Ringsted"]
[Date "1995.04.13"]
[Round "3"]
[White "Molvig, Henrik"]
[Black "Jorgensen, Michael"]
[Result "0-1"]
[WhiteElo "2244"]
[BlackElo "2243"]
[PlyCount "42"]
[EventDate "1995.??.??"]
[EventType "swiss"]
[EventRounds "7"]
[EventCountry "DEN"]

1. e4 e6 2. d4 d5 3. e5 c5 4. c3 Nc6 5. Nf3 Qb6 6. a3 c4 7. Be2 f6 8. exf6 Nxf6
9. O-O Bd6 10. Nbd2 O-O 11. Re1 Bd7 12. Bf1 Na5 13. a4 Be8 14. Ne5 Bh5 15. f3
Rae8 16. Kh1 Bxe5 17. Rxe5 Nc6 18. Re1 e5 19. a5 Qc7 20. dxe5 Nxe5 21. b3 Neg4
0-1

[Event "Kandidatklassen"]
[Site "Ringsted"]
[Date "1995.04.13"]
[Round "3"]
[White "Nielsen, Uffe V"]
[Black "Jakobsen, Lars Veno"]
[Result "1-0"]
[WhiteElo "2323"]
[BlackElo "2232"]
[PlyCount "55"]
[EventDate "1995.??.??"]
[EventType "swiss"]
[EventRounds "7"]
[EventCountry "DEN"]

1. e4 c5 2. Nf3 e6 3. Nc3 a6 4. d4 cxd4 5. Nxd4 Qc7 6. f4 d6 7. Qf3 Nf6 8. Bd3
Be7 9. Bd2 Nc6 10. Nxc6 bxc6 11. b3 e5 12. f5 Bb7 13. g4 Nd7 14. g5 O-O-O 15.
O-O-O f6 16. Rhg1 Rdf8 17. gxf6 Bxf6 18. Bc4 h6 19. Na4 Rd8 20. Qe2 Kb8 21.
Bxa6 Ka7 22. Be3+ c5 23. Bxb7 Kxb7 24. Qb5+ Nb6 25. Rd5 Qc6 26. Qxc6+ Kxc6 27.
Nxb6 Kxb6 28. b4 1-0

[Event "Kandidatklassen"]
[Site "Ringsted"]
[Date "1995.04.13"]
[Round "3"]
[White "Pedersen, Daniel Vesterbaek"]
[Black "Jensen, Allan Astrup"]
[Result "1/2-1/2"]
[WhiteElo "2130"]
[BlackElo "2055"]
[PlyCount "81"]
[EventDate "1995.??.??"]
[EventType "swiss"]
[EventRounds "7"]
[EventCountry "DEN"]

1. e4 e5 2. Nf3 Nc6 3. d4 exd4 4. Nxd4 Nf6 5. Nc3 Bb4 6. Nxc6 bxc6 7. Bd3 O-O
8. O-O d5 9. exd5 cxd5 10. Nb5 c6 11. Nd4 Qc7 12. h3 Re8 13. c3 Bd6 14. Be3 Ne4
15. c4 Bh2+ 16. Kh1 Ng3+ 17. fxg3 Rxe3 18. Re1 Qxg3 19. Rxe3 Qxe3 20. Kxh2 c5
21. Qe1 cxd4 22. Qxe3 dxe3 23. cxd5 Bb7 24. Bc4 Kf8 25. Kg3 Re8 26. Kf4 f6 27.
Re1 g5+ 28. Kf3 Re5 29. Rxe3 Bxd5+ 30. Bxd5 Rxd5 31. Ra3 a5 32. Ke4 Re5+ 33.
Kd4 Re2 34. b3 Re5 35. Ra4 h5 36. a3 g4 37. hxg4 hxg4 38. Kd3 f5 39. Rc4 Kf7
40. Rc6 f4 41. Rc4 1/2-1/2

[Event "Kandidatklassen"]
[Site "Ringsted"]
[Date "1995.04.13"]
[Round "3"]
[White "Samaritani, Fabio"]
[Black "Bank, Pelle Rodkjaer"]
[Result "1-0"]
[WhiteElo "2192"]
[BlackElo "2315"]
[PlyCount "81"]
[EventDate "1995.??.??"]
[EventType "swiss"]
[EventRounds "7"]
[EventCountry "DEN"]

1. e4 g6 2. Nc3 Bg7 3. Nf3 d6 4. h3 e5 5. Bc4 Nf6 6. d3 O-O 7. Bg5 h6 8. Bd2
Nc6 9. a3 Nd4 10. Be3 Nxf3+ 11. Qxf3 c6 12. g4 Qa5 13. Bxh6 Bxh6 14. Qxf6 d5
15. exd5 Bg7 16. Qf3 b5 17. Ba2 cxd5 18. Bxd5 e4 19. dxe4 b4 20. Bxa8 Ba6 21.
Bd5 bxc3 22. b3 Bh6 23. Bc4 Bd2+ 24. Kf1 Bxc4+ 25. bxc4 Qc7 26. Qe2 Re8 27. Kg2
Qf4 28. Qf3 Qc7 29. Rab1 Qxc4 30. Rb4 Qa2 31. Rb7 Rf8 32. Qd3 Qxa3 33. Rhb1 a5
34. Ra7 Qe7 35. Rbb7 Qe6 36. Rc7 Qf6 37. Qf3 Qe6 38. Rxa5 Re8 39. e5 Rf8 40.
Qe4 Bc1 41. Raa7 1-0

[Event "Kandidatklassen"]
[Site "Ringsted"]
[Date "1995.04.13"]
[Round "3"]
[White "Strange, Mikkel"]
[Black "Petersen, Steen"]
[Result "1-0"]
[WhiteElo "2204"]
[BlackElo "2016"]
[PlyCount "77"]
[EventDate "1995.??.??"]
[EventType "swiss"]
[EventRounds "7"]
[EventCountry "DEN"]

1. e4 c5 2. Nf3 d6 3. d4 cxd4 4. Nxd4 Nf6 5. Nc3 g6 6. Be3 Bg7 7. f3 O-O 8. Bc4
Nc6 9. Qd2 Bd7 10. O-O-O Ne5 11. Bb3 Qa5 12. Kb1 Rfc8 13. h4 Nc4 14. Bxc4 Rxc4
15. Nb3 Qc7 16. Bd4 Rxd4 17. Nxd4 a6 18. h5 b5 19. hxg6 hxg6 20. Rhe1 e6 21.
Rc1 Rb8 22. g4 a5 23. Nd1 a4 24. c3 e5 25. Nc2 Be6 26. Nb4 Ra8 27. g5 Nh5 28.
Ne3 Qd8 29. Ned5 Nf4 30. Rg1 Bxd5 31. Nxd5 Ne6 32. a3 Nc5 33. Qh2 Ne6 34. Qh4
Rc8 35. Rc2 Rc5 36. Rd2 Qa5 37. Rh1 Qd8 38. Rg1 Qa5 39. Nf6+ 1-0

[Event "Kandidatklassen"]
[Site "Ringsted"]
[Date "1995.04.14"]
[Round "4"]
[White "Andersen, Frank"]
[Black "Samaritani, Fabio"]
[Result "1-0"]
[WhiteElo "2193"]
[BlackElo "2192"]
[PlyCount "53"]
[EventDate "1995.??.??"]
[EventType "swiss"]
[EventRounds "7"]
[EventCountry "DEN"]

1. d4 Nf6 2. c4 c5 3. d5 b5 4. a4 b4 5. g3 d6 6. Bg2 g6 7. b3 Bg7 8. Bb2 O-O 9.
Nd2 Nbd7 10. e4 Rb8 11. Ngf3 e6 12. O-O exd5 13. cxd5 Re8 14. Re1 Nb6 15. Qc2
Rb7 16. a5 Na8 17. Nc4 Nh5 18. e5 Bf5 19. Qd2 dxe5 20. Nfxe5 Bxe5 21. Nxe5 Bd7
22. d6 Rb8 23. Qh6 f6 24. Bd5+ Be6 25. Nc6 Qxd6 26. Bxe6+ Rxe6 27. Rxe6 1-0

[Event "Kandidatklassen"]
[Site "Ringsted"]
[Date "1995.04.14"]
[Round "4"]
[White "Andreasen, Per Naesby"]
[Black "Jacobsen, Bo"]
[Result "1-0"]
[WhiteElo "2319"]
[BlackElo "2302"]
[PlyCount "77"]
[EventDate "1995.??.??"]
[EventType "swiss"]
[EventRounds "7"]
[EventCountry "DEN"]

1. Nf3 d6 2. c4 g6 3. Nc3 Bg7 4. g3 Nf6 5. Bg2 O-O 6. O-O c6 7. d4 Bf5 8. Re1
Ne4 9. Nxe4 Bxe4 10. Be3 Nd7 11. Qd2 a5 12. Bh6 Bxh6 13. Qxh6 Bxf3 14. Bxf3 a4
15. Red1 Qa5 16. Qd2 Rfc8 17. Rac1 Rc7 18. Qe3 Nf6 19. c5 a3 20. cxd6 exd6 21.
b3 Nd5 22. Bxd5 Qxd5 23. Rd3 f5 24. Qf3 Qf7 25. Rc2 Re7 26. b4 Ra4 27. d5 Rxb4
28. dxc6 bxc6 29. Rxd6 Rb1+ 30. Kg2 Rb2 31. Rd8+ Re8 32. Rxe8+ Qxe8 33. Rxb2
axb2 34. Qb3+ Kf8 35. Qxb2 Kg8 36. Qb3+ Kg7 37. Qc3+ Kf7 38. Qc4+ Kf8 39. a4
1-0

[Event "Kandidatklassen"]
[Site "Ringsted"]
[Date "1995.04.14"]
[Round "4"]
[White "Bank, Pelle Rodkjaer"]
[Black "Hvenekilde, Jorgen"]
[Result "1/2-1/2"]
[WhiteElo "2315"]
[BlackElo "2329"]
[PlyCount "119"]
[EventDate "1995.??.??"]
[EventType "swiss"]
[EventRounds "7"]
[EventCountry "DEN"]

1. e4 e5 2. Nc3 Bc5 3. Nf3 Nc6 4. Nxe5 Nxe5 5. d4 Bd6 6. dxe5 Bxe5 7. Bd3 d6 8.
O-O Nf6 9. Bg5 c6 10. f4 Bxc3 11. bxc3 h6 12. Bh4 g5 13. Bf2 gxf4 14. Bd4 c5
15. Bb5+ Bd7 16. Bxd7+ Kxd7 17. Bxc5 Nxe4 18. Bd4 Rf8 19. Rxf4 f5 20. Rb1 Kc7
21. Rb5 Qd7 22. Qf1 Nd2 23. Qd3 Rae8 24. Bf2 Re5 25. a4 Ne4 26. Bd4 Rxb5 27.
axb5 Qe6 28. h3 Rg8 29. Rf1 Rg3 30. b6+ axb6 31. Qb5 Nc5 32. Rb1 Qe4 33. Qf1
Qxc2 34. Re1 Qd3 35. Qf2 Rg6 36. Kh2 Ne4 37. Bxb6+ Kc6 38. Qe3 Qxe3 39. Bxe3 b5
40. Bd4 Kd5 41. Rf1 Ke6 42. Rb1 Rg3 43. Rxb5 Rd3 44. Bg7 h5 45. Rb1 Kf7 46. Bd4
Nxc3 47. Bxc3 Rxc3 48. Rb8 Kg6 49. Rg8+ Kf6 50. Rh8 d5 51. Rxh5 d4 52. g4 fxg4
53. hxg4 d3 54. Rd5 Ke6 55. Rd8 Ke5 56. Kg3 Ke4 57. Re8+ Kd4 58. Kf4 Rc7 59.
Rd8+ Kc3 60. Kf5 1/2-1/2

[Event "Kandidatklassen"]
[Site "Ringsted"]
[Date "1995.04.14"]
[Round "4"]
[White "Boe, Mads"]
[Black "Jakobsen, Lars Veno"]
[Result "1/2-1/2"]
[WhiteElo "2358"]
[BlackElo "2232"]
[PlyCount "35"]
[EventDate "1995.??.??"]
[EventType "swiss"]
[EventRounds "7"]
[EventCountry "DEN"]

1. e4 c5 2. c3 Nf6 3. e5 Nd5 4. d4 cxd4 5. cxd4 e6 6. Nf3 b6 7. a3 Be7 8. Bd3
Ba6 9. O-O O-O 10. Re1 Bxd3 11. Qxd3 d6 12. Nbd2 Nc6 13. b3 Rc8 14. Bb2 Qd7 15.
Ne4 Nf4 16. Qe3 Nd5 17. Qd3 Nf4 18. Qe3 1/2-1/2

[Event "Kandidatklassen"]
[Site "Ringsted"]
[Date "1995.04.14"]
[Round "4"]
[White "Brinck Claussen, Bjorn"]
[Black "Hansen, Kasper"]
[Result "1-0"]
[WhiteElo "2362"]
[BlackElo "2151"]
[PlyCount "59"]
[EventDate "1995.??.??"]
[EventType "swiss"]
[EventRounds "7"]
[EventCountry "DEN"]

1. e4 c5 2. Nf3 Nc6 3. d4 cxd4 4. Nxd4 g6 5. Nc3 Bg7 6. Be3 Nf6 7. Bc4 O-O 8.
Bb3 a5 9. a4 Ng4 10. Qxg4 Nxd4 11. Qh4 Nxb3 12. cxb3 Ra6 13. O-O Re6 14. Rad1
b6 15. Bd4 Bb7 16. Bxg7 Kxg7 17. Rfe1 Bc6 18. Re3 Qa8 19. Rd4 Qe8 20. b4 f5 21.
b5 Bb7 22. f3 Qc8 23. e5 d6 24. Qf4 dxe5 25. Rxe5 Rff6 26. h4 h5 27. Rc4 Qxc4
28. Qxc4 Rxe5 29. Qc7 Ba8 30. Qxe5 1-0

[Event "Kandidatklassen"]
[Site "Ringsted"]
[Date "1995.04.14"]
[Round "4"]
[White "Christensen, Bent"]
[Black "Petersen, Steen"]
[Result "1/2-1/2"]
[WhiteElo "2193"]
[BlackElo "2016"]
[PlyCount "49"]
[EventDate "1995.??.??"]
[EventType "swiss"]
[EventRounds "7"]
[EventCountry "DEN"]

1. d4 d5 2. c4 c6 3. Nf3 e6 4. Bg5 Nf6 5. e3 Nbd7 6. Nc3 Be7 7. Bd3 O-O 8. O-O
dxc4 9. Bxc4 Nd5 10. Bxe7 Qxe7 11. Qd2 N5b6 12. Bb3 e5 13. dxe5 Nxe5 14. Nxe5
Qxe5 15. Rfd1 Be6 16. Bxe6 Qxe6 17. b3 Qe7 18. Qd6 Qxd6 19. Rxd6 Rfd8 20. Rad1
Rxd6 21. Rxd6 Kf8 22. Kf1 Ke7 23. Rd4 Rd8 24. Rxd8 Kxd8 25. Ke2 1/2-1/2

[Event "Kandidatklassen"]
[Site "Ringsted"]
[Date "1995.04.14"]
[Round "4"]
[White "Christensen, Lasse"]
[Black "Andersen, Torben Bodskov"]
[Result "1-0"]
[WhiteElo "2251"]
[BlackElo "2130"]
[PlyCount "43"]
[EventDate "1995.??.??"]
[EventType "swiss"]
[EventRounds "7"]
[EventCountry "DEN"]

1. e4 c6 2. d4 d5 3. Nc3 dxe4 4. Nxe4 Nf6 5. Nxf6+ gxf6 6. Nf3 Bf5 7. Bd3 Bxd3
8. Qxd3 Qa5+ 9. Bd2 Qa6 10. c4 e6 11. O-O Nd7 12. b4 Nb6 13. Rfc1 Qa4 14. Rab1
Nd7 15. Rb3 Qa6 16. a4 Be7 17. b5 Qb6 18. a5 Qc7 19. bxc6 bxc6 20. Rcb1 O-O 21.
Bh6 Rfb8 22. Ne5 1-0

[Event "Kandidatklassen"]
[Site "Ringsted"]
[Date "1995.04.14"]
[Round "4"]
[White "Hoiberg, Nina"]
[Black "Greger, Roland Reinhard"]
[Result "1/2-1/2"]
[WhiteElo "2256"]
[BlackElo "2290"]
[PlyCount "141"]
[EventDate "1995.??.??"]
[EventType "swiss"]
[EventRounds "7"]
[EventCountry "DEN"]

1. e4 e6 2. d4 d5 3. Nd2 Nf6 4. e5 Nfd7 5. Ngf3 c5 6. c4 Nc6 7. cxd5 exd5 8.
dxc5 Nxc5 9. Nb3 Nxb3 10. Qxb3 Bb4+ 11. Bd2 Bxd2+ 12. Nxd2 O-O 13. Bd3 Nxe5 14.
O-O Qf6 15. Be2 Rd8 16. Rad1 Nc6 17. Nf3 Bg4 18. Rd2 Bxf3 19. Bxf3 Nd4 20. Qd3
Nxf3+ 21. Qxf3 Qxf3 22. gxf3 Rd6 23. Rfd1 Rad8 24. Rd4 Kf8 25. f4 Ke7 26. R1d2
Rb6 27. Kg2 Rb5 28. b3 Rd7 29. R2d3 a5 30. Kf3 Ke6 31. Rd2 Rc5 32. R2d3 b5 33.
a3 f6 34. Kg3 Rb7 35. b4 axb4 36. axb4 Rc4 37. Rxd5 Rxb4 38. f5+ Ke7 39. Re3+
Kf7 40. Red3 Re4 41. f4 b4 42. Kf3 Ree7 43. Rb3 Rec7 44. Rd4 Rc3+ 45. Rxc3 bxc3
46. Rc4 Rb3 47. Rc7+ Kf8 48. Ke4 h5 49. Rc8+ Ke7 50. h4 c2 51. Rxc2 Rh3 52.
Rc7+ Kf8 53. Rc8+ Kf7 54. Rh8 Rg3 55. Ra8 Rb3 56. Rc8 Rh3 57. Rh8 Rxh4 58. Kf3
g5 59. fxg6+ Kxg6 60. Kg3 Rh1 61. Ra8 Rb1 62. Ra3 Rb5 63. Rc3 Kf5 64. Ra3 h4+
65. Kxh4 Kxf4 66. Ra4+ Ke5 67. Kg3 Rb3+ 68. Kf2 f5 69. Rc4 Kf6 70. Ra4 Kg5 71.
Rc4 1/2-1/2

[Event "Kandidatklassen"]
[Site "Ringsted"]
[Date "1995.04.14"]
[Round "4"]
[White "Johansen, Morten"]
[Black "Nielsen, Uffe V"]
[Result "1/2-1/2"]
[WhiteElo "2185"]
[BlackElo "2323"]
[PlyCount "77"]
[EventDate "1995.??.??"]
[EventType "swiss"]
[EventRounds "7"]
[EventCountry "DEN"]

1. d4 Nf6 2. c4 c5 3. d5 b5 4. cxb5 a6 5. bxa6 Bxa6 6. g3 g6 7. Bg2 d6 8. Nc3
Bg7 9. Nf3 Nbd7 10. O-O O-O 11. Re1 Nb6 12. Bf4 Ra7 13. Nd2 Qa8 14. e4 Nfd7 15.
Qc2 Ne5 16. Bxe5 Bxe5 17. Rad1 Bc8 18. b3 Bg4 19. Rb1 Ra3 20. Rbc1 Rc8 21. Ndb1
Ra7 22. h3 Bd7 23. f4 Bd4+ 24. Kh2 c4 25. Qd2 Bc5 26. e5 Bf5 27. g4 Bxb1 28.
Rxb1 Bb4 29. Rec1 Bxc3 30. Rxc3 Rxa2 31. Rb2 cxb3 32. Rcxb3 Rxb2 33. Qxb2 Na4
34. Qd4 Nc5 35. Rb6 Qa4 36. Qxa4 Nxa4 37. Rc6 Rd8 38. Rc7 Kf8 39. Rc6 1/2-1/2